Prečo slovenská spoločnosť pre vedu a kultúru?

Bibliographic Details
Main Author: Okáľ, Ján (Author)
Format: Article
Language:Slovak
ISBN:8070904534
Subjects:

MARC

LEADER 00000naa a2200000 a 4500
001 vtls011849106
003 SK-MaSNL
005 20260302133925.0
008 210910|1998 xo |||||||||||||||||slo|
015 |a SNBCL 
035 |a (urnnbn)urn:nbn:sk:snk:ar-a0aqit 
035 |a urn:nbn:sk:snk-aaw4kc 
035 |a (uuid)f92ca42d-d19c-4120-9f76-b533163ae71a 
040 |a SNKBUCL  |b slo  |c SNKBUCL  |e AACR2 
041 |a slo 
044 |a xo  |c SK 
100 1 |a Okáľ, Ján  |4 aut  |9 820771 
245 1 0 |a Prečo slovenská spoločnosť pre vedu a kultúru?  |c Ján Okáľ 
336 |a text  |b txt  |c rdacontent 
337 |a bez média  |b n  |c rdamedia 
338 |a zväzok  |b nc  |c rdacarrier 
655 7 |a články zo zborníkov  |2 snkbucl  |9 166140 
773 0 |t Slovenský povojnový exil  |d Martin : Matica slovenská, 1998  |g S. 445-453  |z 8070904534 
958 |a OND 
958 |a article26 
958 |a chapter 
999 |c 1319196  |d 1321126